000 00614nam a2200205Ia 4500
005 20250923145345.0
008 008 250917s9999 xx 000 0 eng d
037 _aTextual
040 _aDSWL
_beng
_cDSWL
041 _aeng
_2eng
084 _aYX,A;4, N76
_qDSWL
100 _aWalrond-Skinner, S.W.
_9834427
245 0 _aFamily therapy: The treatment of nature systems
_c by S.W. Walrond-Skinner
260 _aLondon
_bRoutledge & Kegan Paul
_c1976
300 _aviii,164p.
365 _aINR
_b40 . 10
925 _g40 . 10
942 _cTEXL
_hYX,A;4, N76
999 _c1450390
_d1450390